000 00502nam a2200181 a 4500
005 20140310183341.0
008 070122s19uu xx 00 eng d
020 _a1843090414
050 _aND 1500
_b.H37 2005
100 _aHarrison, Hazel
245 _aArt school how to paint and draw /
_cHazel Harrison
260 _aLondon :
_bAnness Publishing Ltd,
_c2005.
300 _a256 p. :
_bcol. ill. ;
_c22 cm.
521 _aMA
650 _aArt
_xTechnique.
942 _cBK
_2lcc
_kFOR
999 _c21817
_d21817